Fiatalság és hírnév a novoszibirszki balettről, a magyarországi vendégszereplésről /
Elmentve itt :
| Szerző: | |
|---|---|
| Dokumentumtípus: | Cikk |
| Megjelent: |
1970-07-14
|
| Sorozat: | Délmagyarország
60 No. 163 |
| Kulcsszavak: | Szabadtéri Játékok 1969-1973, Balettegyüttes vendégszereplése orosz 1970, Novoszibirszk |
| Online Access: | http://dmarchiv.bibl.u-szeged.hu/78351 |
| LEADER | 00596nab a2200157 i 4500 | ||
|---|---|---|---|
| 001 | delm78351 | ||
| 005 | 20180928084259.0 | ||
| 008 | 180928s1970 hu o 0|| hun d | ||
| 040 | |a SZTE Délmagyarország Archívum |b hun | ||
| 041 | |a hun | ||
| 100 | 1 | |a Mejsak, Nikolaj | |
| 245 | 1 | 0 | |a Fiatalság és hírnév |h [elektronikus dokumentum] : |b a novoszibirszki balettről, a magyarországi vendégszereplésről / |c Mejsak, Nikolaj |
| 260 | |c 1970-07-14 | ||
| 300 | |a 5 | ||
| 490 | 0 | |a Délmagyarország |v 60 No. 163 | |
| 695 | |a Szabadtéri Játékok 1969-1973, Balettegyüttes vendégszereplése orosz 1970, Novoszibirszk | ||